000 00592nam a2200157 a 4500
008 120416s1976 ||||||||||||||||| || u
050 _aHB 2122.9 Bar
100 _aBarnum, Howard Nelch
245 1 0 _aMigration, education and urban surplus labour
246 _athe case of Tanzania
260 _aParis
_bDevelopment Centre of the Organisation f
_c1976
300 _a115p. : ill
350 _a0.00
650 _aMIGRATION--TANZANIA
995 _D0.00
_FCBU-MAIN LIBRARY (Kitwe)
_H1
_I0.00
_M1
_UAVAILABLE
_ZAnnex Low-Usage Collection
999 _c51211
_d51211